Classement du Ballon d'or 1999 - Statistiques

Statistiques générales
  • Ce quiz a été pris 106 fois
  • Le résultat moyen est 13 sur 31
Statistiques - réponses
Classement Joueur Club du joueur Nationalité % Correct
1 Rivaldo FC Barcelone Brésil
95%
5 Luis Figo FC Barcelone Portugal
82%
20 Zinédine Zidane Juventus FC France
77%
2 David Beckham Manchester United Angleterre
76%
25 Ronaldo Inter Milan Brésil
76%
6 Roy Keane Manchester United République d'Irlande
72%
9 Raul Real Madrid Espagne
71%
4 Gabriel Batistuta ACF Fiorentina Argentine
69%
22 Ryan Giggs Manchester United Pays de Galles
69%
3 Andriy Chevtchenko Dynamo Kiev / AC Milan Ukraine
67%
30 Roberto Carlos Real Madrid Brésil
59%
15 Pavel Nedved Lazio Rome République Tchèque
55%
23 Hernan Crespo Parme FC Argentine
47%
28 Edgar Davids Juventus FC Pays-Bas
42%
8 Juan Sebastian Veron Parme FC / Lazio Rome Argentine
41%
24 Nwankwo Kanu Arsenal FC Nigéria
36%
17 Peter Schmeichel Manchester United / Sporting Club Lisbonne Danemark
34%
29 David Ginola Tottenham Hotspur France
31%
10 Lothar Matthäus Bayern Munich Allemagne
31%
12 Jaap Stam Manchester United Pays-Bas
28%
11 Dwight Yorke Manchester United Trinité-et-Tobago
24%
7 Christian Vieri Lazio Rome / Inter Milan Italie
19%
27 Andy Cole Manchester United Angleterre
17%
19 Oliver Bierhoff AC Milan Allemagne
14%
18 Stefan Effenberg Bayern Munich Allemagne
12%
31 Marcelo Salas Lazio Rome Chili
11%
16 Mario Jardel FC Porto Brésil
11%
13 Sinisa Mihajlovic Lazio Rome RF Yougoslavie
8%
26 Claudio Lopez Valence CF Argentine
5%
14 Zlatko Zahovic FC Porto / Olympiakos Slovénie
4%
21 Mario Basler Bayern Munich / FC Kaiserslautern Allemagne
2%
Aucun quiz correspondant
Distribution des résultats
% des personnes avec chaque résultat
Percentile par nombre de réponses
Votre historique - résultats
Vous n’avez pas pris ce quiz